|
|
|
|
| LEADER |
00993nam a2200253 a 4500 |
| 001 |
1667245 |
| 008 |
091231s1997 bg b 000 0 eng d |
| 010 |
|
|
|a 97906924
|
| 040 |
|
|
|a DLC
|c DLC
|d DLC
|d BD-DhAAL
|
| 082 |
0 |
0 |
|a 305.42/095492
|2 21
|
| 245 |
0 |
0 |
|a Voting behaviour of women in Dhaka city and some selected districts in Bangladesh /
|c Nilufar Banu ... [et al.].
|
| 250 |
|
|
|a 1st ed.
|
| 260 |
|
|
|a Dhaka :
|b Women for Women,
|c 1997.
|
| 300 |
|
|
|a 65 p. ;
|c 23 cm.
|
| 504 |
|
|
|a Includes bibliographical references (p. 57-58).
|
| 541 |
1 |
|
|e 00006282
|
| 650 |
|
0 |
|a Women suffrage
|z Bangladesh.
|
| 650 |
|
0 |
|a Voting
|z Bangladesh.
|
| 650 |
|
0 |
|a Women
|x Political activity
|z Bangladesh.
|
| 700 |
1 |
|
|a Nilufar Banu.
|
| 710 |
2 |
|
|a Women for Women (Organization : Bangladesh)
|
| 852 |
4 |
|
|a Ayesha Abed Library
|j General shelf
|
| 999 |
|
|
|c 6665
|d 6665
|
| 952 |
|
|
|0 0
|1 0
|2 ddc
|4 0
|6 305_420954920000000_VOT_1997
|7 0
|9 6826
|a BRACUL
|b BRACUL
|c GEN
|d 2010-01-04
|l 0
|o 305.42095492 VOT
|p 3010006282
|r 2010-01-04
|t 1
|w 2010-01-04
|y BK
|